FEDERER : (Record no. 181739)
[ view plain ]
| 000 -LEADER | |
|---|---|
| fixed length control field | 01413nam a22002651i 4500 |
| 005 - DATE AND TIME OF LATEST TRANSACTION | |
| control field | 20210202124501.0 |
| 008 - FIXED-LENGTH DATA ELEMENTS--GENERAL INFORMATION | |
| fixed length control field | 210202s2019 enkao||g ||| 000 0aeng d |
| 020 ## - INTERNATIONAL STANDARD BOOK NUMBER | |
| International Standard Book Number | 9781787392403 |
| Terms of availability | RM 153.73 |
| Qualifying information | hardback |
| 040 ## - CATALOGING SOURCE | |
| Original cataloging agency | PPAK |
| Language of cataloging | eng |
| Transcribing agency | PPAK |
| Description conventions | rda |
| 082 04 - DEWEY DECIMAL CLASSIFICATION NUMBER | |
| Edition number | 23 |
| Classification number | 796.342092 |
| 090 00 - LOCALLY ASSIGNED LC-TYPE CALL NUMBER (OCLC); LOCAL CALL NUMBER (RLIN) | |
| Classification number (OCLC) (R) ; Classification number, CALL (RLIN) (NR) | 796.342092 |
| Feature heading | SPR |
| Feature heading | G |
| 100 1# - MAIN ENTRY--PERSONAL NAME | |
| Personal name | Spragg, Iain, |
| Relator term | author. |
| 245 10 - TITLE STATEMENT | |
| Title | FEDERER : |
| Remainder of title | PORTRAIT OF A TENNIS LEGEND / |
| Statement of responsibility, etc. | IAIN SPRAGG |
| 264 #1 - PRODUCTION, PUBLICATION, DISTRIBUTION, MANUFACTURE, AND COPYRIGHT NOTICE | |
| Place of production, publication, distribution, manufacture | London : |
| Name of producer, publisher, distributor, manufacturer | CARLTON BOOKS , |
| Date of production, publication, distribution, manufacture, or copyright notice | 2019 |
| Date of production, publication, distribution, manufacture, or copyright notice | ©2019. |
| 300 ## - PHYSICAL DESCRIPTION | |
| Extent | 160 pages : |
| Other physical details | colour illustrations and photographs ; |
| Dimensions | 26 cm. |
| 336 ## - CONTENT TYPE | |
| Source | rdacontent |
| Content type term | text |
| -- | still image |
| 337 ## - MEDIA TYPE | |
| Source | rdamedia |
| Media type term | unmediated |
| 338 ## - CARRIER TYPE | |
| Source | rdacarrier |
| Carrier type term | volume |
| 520 ## - SUMMARY, ETC. | |
| Summary, etc. | This biography, filled with photographs from his sensational career, follows Roger Federer from his first steps in tennis in the junior tournaments right through to the main professional circuit. It is an illustrated biography of a man who has graced the world of tennis for more than two decades, playing with grace, panache, and magnificent sportsmanship. He who has transcended tennis to become one of the greatest sportsmen of the 21st century. This portrait illustrates his great rivalries, his great matches and his great victories. |
| 600 ## - SUBJECT ADDED ENTRY--PERSONAL NAME | |
| Personal name | Federer, Roger, 1981-, |
| Form subdivision | Portraits. |
| 650 10 - SUBJECT ADDED ENTRY--TOPICAL TERM | |
| Topical term or geographic name entry element | Tennis players |
| Geographic subdivision | Switzerland |
| Form subdivision | Biography. |
| Topical term or geographic name entry element | Tennis players |
| Geographic subdivision | Switzerland |
| Form subdivision | Portraits. |
| 942 ## - ADDED ENTRY ELEMENTS (KOHA) | |
| Source of classification or shelving scheme | Dewey Decimal Classification |
| Koha item type | Book |
| Withdrawn | Not for loan | Current library | Shelving location | Date acquired | Full call number | Barcode | Date last seen | Koha item type |
|---|---|---|---|---|---|---|---|---|
| Perpustakaan Alor Setar | Pinjaman Dewasa | 18/02/2021 | 796.342092 SPR | A01675050 | 18/02/2021 | Book | ||
| Perpustakaan Awam Sungai Petani | Pinjaman Dewasa | 18/02/2021 | 796.342092 SPR | A01675051 | 18/02/2021 | Book |